000 00445nam a2200181Ia 4500
001 8420
005 20260306160608.0
008 260306t1981||||xx |||||||||||||| ||spa||
041 _aESP
082 _a370.946
_bC17
100 _aEscuela Asturiana de Estudios Hispánicos
_eAUT
245 0 _aLa calidad de la educación
260 _c1981
300 _a244 páginas :
_c24 cm.
650 _aGEN
654 _aCED
942 _cLIB
_dJUS
_fJUS
_2ddc
_n
999 _c8420
_d8420